| 000 | 01462nam0a22003611 4500 | ||
|---|---|---|---|
| 001 | RU\NLR\INFOCOMM_46\5000725309 | ||
| 005 | 20250613101918.0 | ||
| 035 | _a(NLR Aleph) 009400111 | ||
| 090 |
_a8098319 _c8098319 |
||
| 100 | _a20110125d1983 |||y0rusy50 ca | ||
| 101 | 0 | _aspa | |
| 102 | _aRU | ||
| 105 | _aa ||||000|y | ||
| 200 | 1 |
_aPuntando contra los sindicatos _e[La democracia burguesa sin mascara] _fYuri Gvozdev, Rudolf Puchkov |
|
| 210 |
_aM. _cProfizdat _d1983 |
||
| 215 |
_a80 с. _cил., портр. _d20 см |
||
| 225 | 1 | _aCrónica, testimonios, hechos | |
| 300 | _aНа 80-й с.: Под прицелом - профсоюзы / Гвоздев Юрий Иванович, Пучков Рудольф Васильевич | ||
| 300 | _aНа обл. авт. не указаны | ||
| 606 |
_aПрофессиональные союзы _xКапиталистические страны _2nlr_sh1 |
||
| 606 |
_aПолитическая реакция _xКапиталистические страны _2nlr_sh1 |
||
| 686 |
_aФ72(0,8) _2rubbk |
||
| 686 |
_aТ3(0)63-49 _2rubbk |
||
| 686 |
_aХ803.25 _2rubbk |
||
| 700 | 1 |
_9z01790 _aGvozdev _bJ. I. _gJurij Ivanovič _4070 |
|
| 701 | 1 |
_9z02790 _aPučkov _bR. V. _gRudol'f Vasil'evič _4070 |
|
| 790 | 1 |
_9z01700 _aGvozdev _bY. _gYuri _4070 |
|
| 790 | 1 |
_9z02701 _aPuchkov _bR. _gRudolf _4070 |
|
| 801 | 1 |
_aRU _bNLR _c20110125 |
|
| 801 | 0 |
_aRU _bNLR _gPSBO |
|
| 852 |
_aNLR _jИ25 Д-4/241 |
||
| 942 | _cBOOK | ||
| 980 | _aNB | ||